[Event "London Classic U1600 op 10th"]
[Site "London"]
[Date "2018.12.14"]
[Round "1"]
[White "Crouch, Timothy J"]
[Black "More, Bhavik"]
[Result "1-0"]
[WhiteElo "1504"]
[BlackElo "1164"]
[PlyCount "73"]
[EventDate "2018.12.14"]
[EventType "swiss"]
[EventRounds "5"]
[EventCountry "ENG"]
[SourceTitle "CBM 187 Extra"]
[Source "ChessBase"]
[SourceDate "2018.11.04"]
[SourceVersion "1"]
[SourceVersionDate "2018.11.04"]
[SourceQuality "1"]

1. e4 e5 2. Nf3 Nc6 3. Bb5 d6 4. h3 Nf6 5. Nc3 Be6 6. d4 Qc8 7. d5 Bd7 8. dxc6 bxc6 9. Ba4 Be7 10. 0-0 0-0 11. Kh2 h6 12. Be3 Rb8 13. Bb3 a5 14. Rb1 c5 15. a3 Bb5 16. Nxb5 Rxb5 17. Bc4 Rb6 18. Nh4 Nxe4 19. Ng6 Re8 20. Qd5 Qf5 21. Nxe7+ Rxe7 22. Qa8+ Kh7 23. Bd3 c6 24. f3 d5 25. fxe4 dxe4 26. Rxf5 g6 27. Rf6 Kg7 28. Rxc6 Rbb7 29. Bxe4 Ra7 30. Qb8 Rab7 31. Qd6 Re6 32. Qxc5 Ree7 33. Rxg6+ fxg6 34. Bxb7 Rxb7 35. Qxe5+ Kh7 36. Bd4 Rg7 37. Qxg7# 1-0